Operationalizing Industrial Ecology in the Waste Sector : Roles and Tactics for Circular Value Innovation.

Bibliographic Details
Main Author: Aid, Graham.
Format: eBook
Language:English
Published: Linköping : Linkopings Universitet, 2017.
Edition:1st ed.
Series:Linköping Studies in Science and Technology. Dissertations Series
Subjects:
Online Access:Click to View
LEADER 02780nam a22003853i 4500
001 EBC4866691
003 MiAaPQ
005 20240729202202.0
006 m o d |
007 cr cnu||||||||
008 240729s2017 xx o ||||0 eng d
020 |a 9789176855140  |q (electronic bk.) 
035 |a (MiAaPQ)EBC4866691 
035 |a (Au-PeEL)EBL4866691 
035 |a (CaPaEBR)ebr11391040 
035 |a (OCoLC)988867415 
040 |a MiAaPQ  |b eng  |e rda  |e pn  |c MiAaPQ  |d MiAaPQ 
100 1 |a Aid, Graham. 
245 1 0 |a Operationalizing Industrial Ecology in the Waste Sector :  |b Roles and Tactics for Circular Value Innovation. 
250 |a 1st ed. 
264 1 |a Linköping :  |b Linkopings Universitet,  |c 2017. 
264 4 |c {copy}2017. 
300 |a 1 online resource (99 pages) 
336 |a text  |b txt  |2 rdacontent 
337 |a computer  |b c  |2 rdamedia 
338 |a online resource  |b cr  |2 rdacarrier 
490 1 |a Linköping Studies in Science and Technology. Dissertations Series ;  |v v.1856 
505 0 |a Intro -- Contents -- Acknowledgements -- List of Appended Papers -- Contribution to the Papers -- Definition of Key Terms -- List of Abbreviations -- List of Figures -- List of Tables -- 1 Introduction, Aim, and Research Questions -- 1.1 Introduction -- 1.2 Aim and Research Questions -- 1.3 Thesis Outline -- 2 Background -- 2.1 Industrial Ecology -- 2.2 Industrial Symbiosis -- 2.3 Business Strategy and Development - From Visions to Tactics -- 2.4 The Swedish WM Sector -- 3 Research Framework, Studies, and Methods -- 3.2 Study Approach -- 3.3 Summary of the Appended Papers and Their Methods -- 4 Results -- 4.1 Key Findings of the Studies -- 4.2 Novel Roles for WM Organizations -- 4.3 Capacities to Overcome Barriers to Inter-Organizational Roles -- 4.4 Capacities to Perform New Roles -- 4.8 Value Chain Collaboration Tactics -- 5 Discussion and Reflection -- 5.1 Approaching Novel Roles -- 5.2 Approaching Tactics For The Roles -- 5.3 Reflections on Efficiency and Effectivity in Resource Management -- 5.4 Revisiting the Research Approach -- 5.5 Future Research -- 6 Conclusions -- References. 
588 |a Description based on publisher supplied metadata and other sources. 
590 |a Electronic reproduction. Ann Arbor, Michigan : ProQuest Ebook Central, 2024. Available via World Wide Web. Access may be limited to ProQuest Ebook Central affiliated libraries.  
655 4 |a Electronic books. 
776 0 8 |i Print version:  |a Aid, Graham  |t Operationalizing Industrial Ecology in the Waste Sector  |d Linköping : Linkopings Universitet,c2017 
797 2 |a ProQuest (Firm) 
830 0 |a Linköping Studies in Science and Technology. Dissertations Series 
856 4 0 |u https://ebookcentral.proquest.com/lib/matrademy/detail.action?docID=4866691  |z Click to View